Melhorando o portugus̊ no exame da OAB com dicas do acordo ortogrf̀ico /

Bibliographic Details
Main Author: Fagundes Freitas, Christiano Abelardo
Format: eBook
Language:Spanish
Published: San Pablo: LTR, 2019
Subjects:
Online Access:Acceso restringido

MARC

LEADER 00000nam a22000007a 4500
005 20220411232538.0
007 cr|||| ||||
008 220411s2019 br |||||s|||| 00||0 spa d
020 |a 978-85-301-0196-1 
035 |a 36099 
040 |a vLex 
090 |c 13165  |d 13165 
100 1 |a Fagundes Freitas, Christiano Abelardo 
245 1 0 |a Melhorando o portugus̊ no exame da OAB  |h [Recurso electrn̤ico] :  |b com dicas do acordo ortogrf̀ico /  |c Christiano Abelardo Fagundes Freitas 
256 |a Servicio en ln̕ea 
260 |a San Pablo:  |b LTR,  |c 2019 
300 |a 1 recurso electrn̤ico 
506 1 |a Disponible solo en los productos indicados  |d vLex Global  |d vLex Global (Academic Edition, excluding Law Schools)  |d vLex Global (U.S. Academic Edition, Law Schools)  |d vLex Global (U.S. Academic Edition, excluding Law Schools)  |d vLex Global (Academic Edition, Law Schools) 
650 0 4 |a Derecho Laboral y Seguridad Social  |z Brasil 
740 0 |a vLex Libros (Servicio en ln̕ea) 
856 4 0 |u https://app.vlex.com/#/sources/36099  |z Acceso restringido 
942 |c BOOK 
999 0 |a Labor law and social security